فضائل درود شریف (Record no. 550273)

000 -LEADER
fixed length control field 00439nam a22001337a 4500
082 ## - DEWEY DECIMAL CLASSIFICATION NUMBER
Classification number 297.63
Author Mark FAZ
-- D
100 ## - MAIN ENTRY--PERSONAL NAME
Personal name Imam Rabbani Hazrat Shaikh ul Hadees Muhammad Zakria
9 (RLIN) 46968
245 ## - TITLE STATEMENT
Title فضائل درود شریف
Statement of responsibility, etc. Imam Rabbani Hazrat Shaikh ul Hadees Muhammad Zakria
260 ## - PUBLICATION, DISTRIBUTION, ETC.
Place of publication, distribution, etc. Rawalpindi Pakistan
Name of publisher, distributor, etc. Maktaba Aljehad
300 ## - PHYSICAL DESCRIPTION
Extent 210 P, :
526 ## - STUDY PROGRAM INFORMATION NOTE
Program name 0
Interest level 0
Reading level 0
Title point value 297_630000000000000_FAZ
650 ## - SUBJECT ADDED ENTRY--TOPICAL TERM
Topical term or geographic name entry element MCE
9 (RLIN) 379
942 ## - ADDED ENTRY ELEMENTS (KOHA)
Source of classification or shelving scheme
Koha item type Book
Holdings
Withdrawn status Lost status Source of classification or shelving scheme Damaged status Not for loan Permanent Location Current Location Date acquired Total Checkouts Full call number Barcode Date last seen Price effective from Koha item type
          Military College of Engineering (MCE) Military College of Engineering (MCE) 10/30/2014   297.63 FAZ MCE-41730 10/30/2014 10/30/2014 Book
© 2023 Central Library, National University of Sciences and Technology. All Rights Reserved.